| 000 | 00639nam a2200229Ia 4500 | ||
|---|---|---|---|
| 003 | OSt | ||
| 005 | 20220928102633.0 | ||
| 006 | a|||||r|||| 00| 0 | ||
| 007 | ta | ||
| 008 | 220927b |||||||| |||| 00| 0 eng d | ||
| 024 | _a141621 | ||
| 037 | _cTextual | ||
| 040 |
_aSDCL _cSDCL _beng |
||
| 041 |
_2eng _aeng |
||
| 082 | _aY49(J):4582.791'N3, L8 | ||
| 100 |
_aHuizer Gerrit _9354971 |
||
| 245 | 0 | _aPeasant rebellion in Latin America. | |
| 260 |
_aNew Delhi _bMarwah Publications _c1978 |
||
| 300 |
_a171p. _ccm. |
||
| 942 |
_hY49(J):4582.791'N3, L8 _cTEXL _2CC |
||
| 999 |
_c715382 _d715382 |
||